Language Quiz

Random Language or Letter Quiz

Most Common Verbs by Letter Quiz Stats

 Plays Quiz Updated Sep 7, 2018

Challenge
Share
Tweet
Embed
Score 0/19 Timer 03:00
0 Plays Today
Letter Verbs % Correct
Bbe, become, begin, believe, borrow, break, bring, buy
93%
Gget, give, go
92.4%
Ssay, see, seem, send, set, shall, should, show, sit, sleep, speak, spend, stand, start, stop, suggest
91.5%
Wwait, wake, walk, want, watch, will, win, work, worry, write
90.5%
Llearn, leave, let, like, listen, live, look, lose
89.7%
Ccall, can, carry, change, close, come, cut
89.2%
Ttake, talk, tell, think, travel, try, turn
89.2%
Ddecide, do
88.4%
Hhappen, have, hear, help, hold, hurt
88.3%
Mmake, may, mean, meet, move, must
88.1%
Letter Verbs % Correct
Ffall, feel, fill, find, finish, follow, fly
82.1%
Rread, remember, run
82.1%
Kkeep, kill, know
79.8%
Eeat, explain
70.6%
Ppay, play, promise, put
68.2%
Aadd, allow, ask
62.3%
Ooffer, open
61.6%
Uunderstand, use
60.7%
Nneed
44.5%

You're not logged in!

Compare scores with friends on all Sporcle quizzes.
OR
Log In

You Might Also Like...

Show Comments

Extras

Top Quizzes Today


Score Distribution

Your Account Isn't Verified!

In order to create a playlist on Sporcle, you need to verify the email address you used during registration. Go to your Sporcle Settings to finish the process.

Report this User

Report this user for behavior that violates our Community Guidelines.

Details: